| 000 | 01348cam a2200361 a 4500 | ||
|---|---|---|---|
| 999 |
_c10973 _d10973 |
||
| 001 | 14810095 | ||
| 003 | OSt | ||
| 005 | 20191231142922.0 | ||
| 008 | 070417s2007 ii b 001 0 eng | ||
| 010 | _a 2007394478 | ||
| 020 | _a9780195687118 | ||
| 020 | _a0195687116 | ||
| 025 | _aI-E-2007-394478; 79-92 | ||
| 037 |
_bLibrary of Congress -- New Delhi Overseas Office _cRs395.00 |
||
| 040 |
_aDLC _coclc _dDLC |
||
| 042 | _alcode | ||
| 043 | _aa-ii--- | ||
| 050 | 0 | 0 |
_aHC435.3 _b.T46 2007 |
| 082 |
_a328.30954 _bTEN/U |
||
| 100 |
_aTendulkar, Suresh D _9964 |
||
| 245 | 1 | 0 |
_aUnderstanding Reforms : _bPost 1991 India / _cSuresh D. Tendulkar ; T.A. Bhavani |
| 246 | 3 | 0 | _aReforms |
| 260 |
_aNew Delhi ; _aNew York : _bOxford University Press, _c2007. |
||
| 300 |
_a 206 p _c24 cm. |
||
| 504 | _aIncludes bibliographical references (p. [193]-199) and index. | ||
| 651 | 0 |
_aIndia _xEconomic policy _y1991- |
|
| 700 | 1 |
_aBhavani, T. A. _9981 |
|
| 856 | 4 | 2 |
_3Publisher description _uhttp://www.loc.gov/catdir/enhancements/fy0907/2007394478-d.html |
| 856 | 4 | 2 |
_3Contributor biographical information _uhttp://www.loc.gov/catdir/enhancements/fy1305/2007394478-b.html |
| 906 |
_a7 _bcbc _corigode _d3 _encip _f20 _gy-gencatlg |
||
| 942 |
_2ddc _cBK _h328.30954 _iTEN/U _k328.30954 _mTEN/U |
||